000 00593nam a2200241 a 4500
001 nice12345678
003 IN_TiNIC
005 20260116011612.0
008 050524s1331 teha grp 000 0 per
020 _a
_c100
082 0 0 _a275
_bTAF
100 _aTafti, Hasan Dehqani
245 _aAlil-E-Inhitat-E-Masihiyat Der Mashirq Zamin
260 _aTehran
_bNur-I-Jahan
_c1331
300 _a120p
500 _aincludes index and biblioraphy
505 2 _aIll
650 _aChurch-History Asia
700 1 _aTafti, Hasan Dehqani
902 _bSRS
942 _cBK
999 _c2830
_d2830